00462nam a2200205 a 4500001001300000003000900013005001700022008004100039020001000080082001500090100001400105245001400119260002300133300000700156500003500163505001000198650002000208650001400228700001400242nice12345678IN_TiNIC20260116011843.0050524s1965 lona grp 000 0 eng  ac10000a289.3bROS aRoss, K N aMormonism aLondonbSpckc1965 a8p aincludes index and biblioraphy2 aIndex aChristian-Sects aMormonism1 aRoss, K N